[Event "19th Hoogeveen Open 2015"]
[Site "Hoogeveen NED"]
[Date "2015.10.20"]
[Round "5.21"]
[White "Brantjes, Yme"]
[Black "Van Foreest, Lucas"]
[Result "0-1"]
[WhiteElo "1962"]
[BlackElo "2296"]
[EventDate "2015.10.17"]
[WhiteFideId "1039539"]
[BlackFideId "1039792"]

1.e4 e5 2.Nf3 Nc6 3.Bc4 Bc5 4.c3 Nf6 5.d3 O-O 6.Bg5 h6 7.Bh4 Be7 8.Nbd2 d6
9.Nf1 a6 10.Bb3 Kh8 11.Ne3 Ng4 12.Bxe7 Nxe7 13.Nxg4 Bxg4 14.h3 Bxf3 15.
Qxf3 c6 16.O-O-O a5 17.d4 a4 18.Bc2 a3 19.b3 Ng6 20.Qe3 Qe7 21.g3 Rfc8 22.
f4 b5 23.Rhf1 f6 24.Rd2 Rc7 25.dxe5 dxe5 26.Rfd1 Nf8 27.Qb6 Rac8 28.f5 Nd7
29.Qe3 Nc5 30.Rd6 Nb7 31.Re6 Qf7 32.g4 Rd7 33.Rxd7 Qxd7 34.Qd2 Qc7 35.Qe3 
Rf8 36.Qa7 Qd7 37.Qxa3 Rd8 38.Re7 Qd2+ 39.Kb1 Nd6 40.Qa5 Nxe4 41.Bxe4 Qd1+
42.Kb2 Rd2+ 43.Ka3 c5 44.Qa8+ Rd8 45.Qxd8+ Qxd8 46.Ra7 Qd2 0-1

[Event "19th Hoogeveen Open 2015"]
[Site "Hoogeveen NED"]
[Date "2015.10.20"]
[Round "5.35"]
[White "Zepeda, L"]
[Black "Oord, Raymon"]
[Result "1-0"]
[WhiteElo "2106"]
[BlackElo "1888"]
[EventDate "2015.10.17"]
[WhiteTitle "WIM"]
[WhiteFideId "6700233"]
[BlackFideId "1046110"]

1.e4 e5 2.Nf3 Nc6 3.Bc4 Nf6 4.Qe2 Bc5 5.c3 O-O 6.Bb3 d5 7.d3 d4 8.Nbd2 h6 
9.Nf1 Qd6 10.Ng3 Ne7 11.cxd4 Bxd4 12.Nxd4 Qxd4 13.Be3 Qd6 14.O-O Ng6 15.h3
c5 16.Rad1 a5 17.Qc2 b6 18.Qc3 Re8 19.Rfe1 Bd7 20.a3 h5 21.Bg5 Nh7 22.Qd2 
Nxg5 23.Qxg5 h4 24.Nf5 Bxf5 25.exf5 Nf4 26.Qxh4 Rad8 27.Re3 Qf8 28.g3 Nd5 
29.Bxd5 Rxd5 30.f6 Re6 31.fxg7 Qxg7 32.Kh2 Rd4 33.Re4 Red6 34.Rg4 1-0

[Event "19th Hoogeveen Open 2015"]
[Site "Hoogeveen NED"]
[Date "2015.10.21"]
[Round "6.23"]
[White "Bluhm, S"]
[Black "Van der Marel, B"]
[Result "1-0"]
[WhiteElo "2128"]
[BlackElo "2212"]
[EventDate "2015.10.17"]
[WhiteTitle "WFM"]
[WhiteFideId "24654027"]
[BlackFideId "1005855"]

1.e4 e5 2.Nf3 Nc6 3.Bc4 Nf6 4.d3 Bc5 5.c3 d6 6.Bb3 a6 7.O-O Ba7 8.Re1 h6 
9.h3 O-O 10.Nbd2 Be6 11.Nf1 Qd7 12.Ng3 Ne7 13.d4 Ng6 14.Be3 Qc8 15.Qd2 c5 
16.Rad1 Bb8 17.Bxe6 fxe6 18.dxc5 dxc5 19.Nh2 Nf4 20.Ng4 Nxg4 21.hxg4 c4 
22.Bxf4 exf4 23.Ne2 Qe8 24.Qd7 Qg6 25.Nd4 Re8 26.e5 Ba7 27.Qxb7 Qxg4 28.
Qf3 Qh4 29.Re4 g5 30.g3 Qh3 31.gxf4 Qxf3 32.Nxf3 g4 33.Nd4 Rac8 34.f5 exf5
35.Nxf5 h5 36.Rd7 Bc5 37.Kg2 Bf8 38.Ng3 Bg7 39.Nxh5 Bxe5 40.Ra7 Rc6 41.
Rxg4+ Kf8 42.Nf4 Bc7 43.Nd5 Bb8 44.Rag7 Be5 45.Rg8+ Kf7 46.Rxe8 Kxe8 47.
Re4 1-0

[Event "19th Hoogeveen Open 2015"]
[Site "Hoogeveen NED"]
[Date "2015.10.24"]
[Round "9.18"]
[White "Zepeda, L"]
[Black "Schoppen, Casper"]
[Result "1-0"]
[WhiteElo "2106"]
[BlackElo "2220"]
[EventDate "2015.10.17"]
[WhiteTitle "WIM"]
[WhiteFideId "6700233"]
[BlackFideId "1046730"]

1.e4 e5 2.Nf3 Nc6 3.Bc4 Nf6 4.d3 Bc5 5.c3 O-O 6.Nbd2 a6 7.Bb3 d6 8.Nf1 Ba7
9.Ng3 Ne7 10.O-O Ng6 11.Be3 c5 12.d4 cxd4 13.cxd4 Ng4 14.Bg5 Qb6 15.h3 h6 
16.Bd2 Nf6 17.dxe5 dxe5 18.Be3 Qa5 19.Bxa7 Rxa7 20.Qe1 Qc7 21.Rc1 Qb8 22.
Qe3 a5 23.a4 Ra6 24.Rfd1 Re8 25.Qc5 Be6 26.Bxe6 Rexe6 27.Qc8+ Re8 28.Qxb8 
Rxb8 29.Rc5 Re8 30.Rb5 Rc6 31.Rxb7 Rc5 32.b4 Rc4 33.bxa5 Rxa4 34.Rb5 h5 
35.Ng5 Ra8 36.Nf5 Nxe4 37.Nxe4 Rxe4 38.Ra1 Rc4 39.a6 Rc7 40.Nd6 Rc6 41.a7 
Rxd6 42.Rb8+ Rd8 43.Rxd8+ Rxd8 44.a8=Q Rxa8 45.Rxa8+ Kh7 46.g3 h4 47.Kg2 
Kh6 48.Kf3 hxg3 49.fxg3 Kg5 50.Ra7 Kf6 51.Ke4 Nf8 52.Ra6+ Ne6 53.h4 g5 54.
h5 g4 55.Rb6 Kg5 56.Kxe5 Kxh5 57.Kf6 Nf8 58.Kxf7 Ng6 59.Kg7 1-0

[Event "19th Hoogeveen Open 2015"]
[Site "Hoogeveen NED"]
[Date "2015.10.24"]
[Round "9.37"]
[White "Kouwenhoven, Derk"]
[Black "Oord, Raymon"]
[Result "0-1"]
[WhiteElo "1918"]
[BlackElo "1888"]
[EventDate "2015.10.17"]
[WhiteFideId "1050621"]
[BlackFideId "1046110"]

1.e4 e5 2.Nf3 Nc6 3.Bc4 Nf6 4.d3 Be7 5.c3 d6 6.Nbd2 O-O 7.Nf1 Na5 8.Bb3 c5
9.Bc2 Qc7 10.Ng3 d5 11.exd5 Nxd5 12.O-O Nc6 13.Re1 Re8 14.d4 cxd4 15.cxd4 
Ncb4 16.Be4 Nf6 17.Nxe5 Nxe4 18.Rxe4 Be6 19.Bf4 Qb6 20.a3 Nd5 21.Qe2 Nf6 
22.Re3 Nd5 23.Re4 Nf6 24.d5 Bxd5 25.Nd7 Nxd7 26.Rxe7 Rxe7 27.Qxe7 Be6 28.
b4 Qd4 29.Re1 Qxf4 30.Ne4 Rc8 31.Nc5 Nxc5 32.bxc5 Qc7 33.Qg5 Qxc5 34.Qh4 
Qxa3 35.Rd1 Qf8 36.f4 Qc5+ 37.Kh1 h6 38.h3 a5 39.Rb1 b5 40.f5 Bxf5 41.Rf1 
Bg6 42.Qg4 h5 43.Qd7 a4 44.g4 Qc6+ 0-1

[Event "World Youth Boys U16 2015"]
[Site "Porto Carras GRE"]
[Date "2015.11.01"]
[Round "7.12"]
[White "Kollars, Dmitrij"]
[Black "Ritviz, P"]
[Result "1-0"]
[WhiteElo "2456"]
[BlackElo "2267"]
[EventDate "2015.10.25"]
[WhiteFideId "12909572"]
[BlackFideId "5073367"]

1.e4 e5 2.Nf3 Nc6 3.Bc4 Nf6 4.d3 Be7 5.O-O O-O 6.Re1 d6 7.a4 Bg4 8.h3 Bh5 
9.c3 a5 10.Nbd2 d5 11.exd5 Nxd5 12.Ne4 Nb6 13.Bb5 Bxf3 14.Qxf3 Na7 15.Ng3 
c6 16.Bc4 Nxc4 17.dxc4 f6 18.Qg4 Qc7 19.Be3 g6 20.Qe6+ Rf7 21.Rad1 Bf8 22.
Ne4 Qe7 23.Qxe7 Bxe7 24.Nd6 Bxd6 25.Rxd6 Nc8 26.Rd8+ Kg7 27.Red1 b6 28.Re8
c5 29.Rdd8 Rc7 30.Rh8 g5 31.g4 h6 32.h4 Rc6 33.h5 Rc7 34.Rdf8 Rc6 35.Kf1 
Rb8 36.Ke2 Rc7 37.Rfg8+ Kf7 38.Rg6 Rc6 39.Rh7+ Ke6 40.Rhxh6 1-0

[Event "World Youth Boys U14 2015"]
[Site "Porto Carras GRE"]
[Date "2015.10.28"]
[Round "4.7"]
[White "Gholami, A"]
[Black "Rajdeep, Sarkar"]
[Result "1-0"]
[WhiteElo "2400"]
[BlackElo "2233"]
[EventDate "2015.10.25"]
[WhiteTitle "FM"]
[BlackTitle "FM"]
[WhiteFideId "12513342"]
[BlackFideId "25007963"]

1.e4 e5 2.Nf3 Nc6 3.Bc4 g6 4.c3 d6 5.d4 Qe7 6.O-O Bg7 7.dxe5 Nxe5 8.Nxe5 
dxe5 9.b3 Be6 10.Ba3 Qd7 11.Bxe6 Qxe6 12.c4 Ne7 13.Nc3 c6 14.Qd2 Rd8 15.
Qe3 b6 16.Rfd1 O-O 17.c5 b5 18.Rd6 Qc8 19.Rad1 a5 20.Qd2 Rde8 21.Bb2 f5 
22.Qd3 b4 23.Na4 fxe4 24.Qxe4 Rf4 25.Qe2 Qf5 26.Nb6 e4 27.Rd8 Rf8 28.Qc4+ 
Qf7 29.Rxf8+ Bxf8 30.Qe2 Nd5 31.Nxd5 cxd5 32.Qc2 Rf5 33.c6 Bd6 34.Bd4 Bc7 
35.Be3 Qe6 36.Qc5 Rf6 37.Rxd5 Qxc6 38.g3 Qxc5 39.Rxc5 Bb6 40.Rc8+ Kf7 41.
Bxb6 Rxb6 42.Rc5 Ra6 43.Re5 Kf6 44.Rxe4 Rd6 45.Re2 g5 46.Kg2 h5 47.Kf3 Kf5
48.Rc2 Rd5 49.h3 g4+ 50.hxg4+ hxg4+ 51.Ke3 Kg5 52.Ke4 Rf5 53.Rd2 Rf3 54.
Rd5+ Kg6 55.Rxa5 Rxf2 56.Rb5 Rxa2 57.Kf4 Rd2 58.Rxb4 Kh5 59.Rb5+ Kg6 60.
Kxg4 Rd4+ 61.Kh3 Rd3 62.Kh4 Rd6 63.b4 Rd1 64.Rb6+ Kg7 65.g4 Rd5 66.Re6 Rb5
67.Re4 Kg6 68.Kg3 Kg5 69.Kf3 Rd5 70.Ke3 Rd1 71.Rd4 Rc1 72.Kd3 Rc8 73.b5 
Kh4 74.Rb4 Kg5 75.b6 Rb8 76.Kc4 Kxg4 77.Kc5+ Kf5 78.b7 Ke6 79.Kc6 Ke7 1-0

[Event "World Youth Boys U14 2015"]
[Site "Porto Carras GRE"]
[Date "2015.11.02"]
[Round "8.6"]
[White "Tabatabaei, M"]
[Black "Pultinevicius, Paulius"]
[Result "1-0"]
[WhiteElo "2488"]
[BlackElo "2157"]
[EventDate "2015.10.25"]
[WhiteTitle "IM"]
[WhiteFideId "12521213"]
[BlackFideId "12809390"]

1.e4 e5 2.Nf3 Nc6 3.Bc4 Nf6 4.Ng5 d5 5.exd5 Na5 6.Bb5+ c6 7.dxc6 bxc6 8.
Qf3 Rb8 9.Bd3 h6 10.Ne4 Nd5 11.Ng3 g6 12.O-O Bg7 13.c3 Nf4 14.Bc2 c5 15.d4
cxd4 16.cxd4 Ne6 17.dxe5 Bxe5 18.Rd1 Qc7 19.Nc3 Kf8 20.Bxg6 Nd4 21.Rxd4 
Bxd4 22.Bf4 Qb7 23.Bd6+ Kg7 24.Be4 1-0

[Event "World Youth Boys U14 2015"]
[Site "Porto Carras GRE"]
[Date "2015.11.02"]
[Round "8.12"]
[White "Taghizadeh, Rayan"]
[Black "Hirthickkesh, PR"]
[Result "0-1"]
[WhiteElo "2240"]
[BlackElo "2090"]
[EventDate "2015.10.25"]
[WhiteTitle "FM"]
[WhiteFideId "2054019"]
[BlackFideId "25012045"]

1.e4 e5 2.Nf3 Nc6 3.Bc4 Bc5 4.O-O Nf6 5.d3 d6 6.Nbd2 O-O 7.c3 Bb6 8.Bb3 
Ne7 9.Nc4 Ng6 10.a4 c6 11.Nxb6 axb6 12.Be3 h6 13.h3 d5 14.Bc2 c5 15.exd5 
Nxd5 16.d4 exd4 17.cxd4 Nxe3 18.fxe3 Qd6 19.Qd3 f5 20.Rad1 Be6 21.Rf2 Rad8
22.Qf1 Qg3 23.Bd3 Kh8 24.Re1 Bd5 25.Ree2 Rde8 26.Qc1 Be4 27.Qc2 cxd4 28.
Nxd4 Rc8 29.Bxe4 Rxc2 30.Bxc2 Nh4 31.Nxf5 Nxf5 32.Bxf5 g6 33.Be4 Rxf2 34.
Rxf2 Qxe3 35.Bxg6 Kg7 36.Bh5 Qc1+ 37.Kh2 Qc5 38.Rf7+ Kg8 39.g4 Qe5+ 40.Kh1
Qxb2 41.Rxb7 Qc1+ 42.Kh2 Qf4+ 43.Kg1 Qg3+ 0-1

[Event "World Youth Boys U12 2015"]
[Site "Porto Carras GRE"]
[Date "2015.10.27"]
[Round "3.9"]
[White "Sanz Wawer, Daniel"]
[Black "Pajeken, Jakob Leon"]
[Result "1-0"]
[WhiteElo "2016"]
[BlackElo "2118"]
[EventDate "2015.10.25"]
[WhiteFideId "1185543"]
[BlackFideId "12942839"]

1.e4 e5 2.Nf3 Nc6 3.Bc4 Bc5 4.c3 Nf6 5.d4 exd4 6.e5 d5 7.Bb5 Ne4 8.cxd4 
Bb6 9.Nc3 O-O 10.Be3 Bg4 11.h3 Be6 12.Bd3 f5 13.Ne2 Ba5+ 14.Kf1 Qd7 15.Nf4
Nd8 16.h4 Nf7 17.Rc1 c6 18.g3 Nh6 19.Kg2 Ng4 20.Qe2 g6 21.a3 Rac8 22.b4 
Bd8 23.Nh2 g5 24.hxg5 Nxe3+ 25.Qxe3 Nxg5 26.Nf3 Nxf3 27.Qxf3 Bg5 28.Rh5 
Bxf4 29.Qxf4 Rf7 30.Rch1 Rc7 31.Rg5+ Rg7 32.Rhh5 Qe8 33.Bxf5 Bxf5 34.Rxf5 
Rcf7 35.Rxf7 Rxf7 36.Rg5+ Kh8 37.Rf5 Rxf5 38.Qxf5 b6 39.Qf6+ Kg8 40.Qd6 
Qc8 41.e6 1-0

[Event "World Youth Girls U18 2015"]
[Site "Porto Carras GRE"]
[Date "2015.10.31"]
[Round "6.2"]
[White "Velikic, A"]
[Black "Ivanova, Si"]
[Result "1-0"]
[WhiteElo "2363"]
[BlackElo "2121"]
[EventDate "2015.10.25"]
[BlackTitle "WFM"]
[WhiteFideId "913553"]
[BlackFideId "2900548"]

1.e4 e5 2.Nf3 Nc6 3.Bc4 Bc5 4.c3 Nf6 5.d3 a6 6.O-O d6 7.Bb3 O-O 8.h3 h6 9.
Nbd2 Re8 10.Re1 Be6 11.Bc2 d5 12.exd5 Bxd5 13.b4 Bf8 14.Bb2 Qd6 15.Nc4 
Bxc4 16.dxc4 Rad8 17.Qxd6 Bxd6 18.c5 Bf8 19.Ba4 Nd7 20.Rad1 f6 21.Nh4 Ndb8
22.Bb3+ Kh7 23.Bd5 Re7 24.Be4+ Kg8 25.Bd5+ Kh7 26.Be4+ Kg8 27.Rxd8 Nxd8 
28.Bf5 Nf7 29.Rd1 Re8 30.Be4 Rd8 31.Bd5 Rd7 32.Ng6 b6 33.cxb6 cxb6 34.Bc1 
Bd6 35.Be6 Rd8 36.Be3 Bc7 37.Rxd8+ Bxd8 38.Nh8 Kxh8 39.Bxf7 f5 40.f3 g5 
41.Bc4 Kg7 42.Kf1 Kf6 43.Ke2 Ke7 44.g4 f4 45.Bf2 Kd6 46.Kd3 a5 47.bxa5 
bxa5 48.Bb5 Nc6 49.Ke4 Ne7 50.c4 Ke6 51.c5 Bc7 52.Be1 Kf6 53.h4 Ng6 54.h5 
Nh4 55.Bf1 Ke6 56.Bc3 Kf6 57.a3 Ke6 58.a4 Kf6 59.Be2 Ke6 60.Bf1 Kf6 61.Bb2
Ke6 62.Ba3 Kf6 63.c6 Kf7 64.Bc4+ Kg7 65.Be2 Kf7 66.Kd5 Ke8 67.Bd6 Kd8 68.
Bf8 Ng2 69.Bxh6 Ne3+ 70.Ke4 Ke7 71.Bxg5+ Kf7 72.Bh4 Nc2 73.Bc4+ Kg7 74.Bf2
Nb4 75.Bb5 Kf6 76.Bh4+ Kg7 77.Kf5 Nc2 78.Bf6+ Kf7 79.Bxe5 Ne3+ 80.Kxf4 1-0

[Event "World Youth Girls U18 2015"]
[Site "Porto Carras GRE"]
[Date "2015.11.01"]
[Round "7.7"]
[White "Uuriintuya, Uurtsaikh"]
[Black "Vidic, Teja"]
[Result "1-0"]
[WhiteElo "2237"]
[BlackElo "2096"]
[EventDate "2015.10.25"]
[BlackTitle "WFM"]
[WhiteFideId "4900227"]
[BlackFideId "14605511"]

1.e4 e5 2.Nf3 Nc6 3.Bc4 Nf6 4.d3 Be7 5.O-O O-O 6.Re1 d6 7.c3 Na5 8.Bb5 a6 
9.Ba4 b5 10.Bc2 c5 11.Nbd2 Nc6 12.Nf1 h6 13.Ne3 d5 14.exd5 Nxd5 15.Nxd5 
Qxd5 16.d4 cxd4 17.Be4 Qd6 18.cxd4 Ra7 19.dxe5 Qxd1 20.Rxd1 Rd7 21.Be3 
Rfd8 22.Rdc1 Nb4 23.Bf5 Rd1+ 24.Rxd1 Rxd1+ 25.Rxd1 Bxf5 26.Nd4 Be4 27.f3 
Bg6 28.a3 Nc2 29.Nxc2 Bxc2 30.Rd7 1-0

[Event "World Youth Girls U16 2015"]
[Site "Porto Carras GRE"]
[Date "2015.10.28"]
[Round "4.7"]
[White "Choladze, Tea"]
[Black "Kiolbasa, Oliwia"]
[Result "0-1"]
[WhiteElo "1800"]
[BlackElo "2182"]
[EventDate "2015.10.25"]
[BlackTitle "WFM"]
[WhiteFideId "13608410"]
[BlackFideId "1154613"]

1.e4 e5 2.Nf3 Nc6 3.Bc4 Nf6 4.d3 Be7 5.O-O O-O 6.Re1 d6 7.a4 Kh8 8.c3 Ng8 
9.b4 f5 10.Nbd2 fxe4 11.dxe4 Bg4 12.Be2 a5 13.b5 Nb8 14.Nc4 Nd7 15.Be3 b6 
16.Qc2 Qe8 17.Ng5 Bxe2 18.Qxe2 Qg6 19.Qg4 Nc5 20.f3 Nf6 21.Qh3 Nh5 22.Qg4 
Nf4 23.Nh3 Qxg4 24.fxg4 Nxh3+ 25.gxh3 Bh4 26.Re2 Nxe4 27.Bxb6 cxb6 28.Nxb6
Rad8 29.Nc4 Nxc3 30.Rc2 Nd5 31.Nxa5 e4 32.Nc6 Rde8 33.a5 e3 0-1

[Event "World Youth Girls U16 2015"]
[Site "Porto Carras GRE"]
[Date "2015.10.31"]
[Round "6.1"]
[White "Kiolbasa, Oliwia"]
[Black "Abdusattorova, Bakhora"]
[Result "1/2-1/2"]
[WhiteElo "2182"]
[BlackElo "2120"]
[EventDate "2015.10.25"]
[WhiteTitle "WFM"]
[BlackTitle "WFM"]
[WhiteFideId "1154613"]
[BlackFideId "14204126"]

1.e4 e5 2.Nf3 Nc6 3.Bc4 Bc5 4.d3 Nf6 5.Nc3 O-O 6.a3 a6 7.Be3 d6 8.Bxc5 
dxc5 9.h3 Qd6 10.Nd5 Nxd5 11.Bxd5 Ne7 12.Ba2 Ng6 13.Nd2 b5 14.Qf3 Bd7 15.
Nf1 Qd4 16.c3 Qd6 17.Rd1 Be6 18.Bb1 f5 19.exf5 Bxf5 20.Nh2 Nf4 21.O-O Qg6 
22.Kh1 Be6 23.Qg3 Qh5 24.f3 Rad8 25.Ng4 Bd5 26.Rde1 Rde8 27.Ne3 Bc6 28.Qg4
Qf7 29.d4 cxd4 30.cxd4 Bd7 31.Qh4 h6 32.dxe5 Rxe5 33.Ng4 Rxe1 34.Rxe1 Nxg2
35.Kxg2 Qxf3+ 36.Kg1 Bc6 37.Nxh6+ gxh6 38.Ba2+ Bd5 39.Bxd5+ Qxd5 40.Qxh6 
Qd4+ 41.Qe3 Qxe3+ 42.Rxe3 1/2-1/2

[Event "World Youth Girls U16 2015"]
[Site "Porto Carras GRE"]
[Date "2015.11.02"]
[Round "8.2"]
[White "Gazikova, Veronika"]
[Black "Kiolbasa, Oliwia"]
[Result "0-1"]
[WhiteElo "2190"]
[BlackElo "2182"]
[EventDate "2015.10.25"]
[WhiteTitle "WFM"]
[BlackTitle "WFM"]
[WhiteFideId "14919311"]
[BlackFideId "1154613"]

1.e4 e5 2.Nf3 Nc6 3.Bc4 Nf6 4.d3 Bc5 5.c3 a6 6.Bb3 Ba7 7.O-O d6 8.h3 h6 9.
Re1 g5 10.Nh2 g4 11.hxg4 Rg8 12.g5 hxg5 13.Be3 g4 14.Nf1 Bxe3 15.Rxe3 Nh5 
16.Nbd2 Qf6 17.Ng3 Nf4 18.Ba4 b5 19.Bb3 Ne7 20.d4 Neg6 21.dxe5 dxe5 22.Ne2
Rh8 23.Nf1 Nxe2+ 24.Rxe2 Qh4 25.f3 gxf3 26.gxf3 Nf4 27.Rh2 Qg5+ 28.Kf2 
Rxh2+ 29.Nxh2 Qg2+ 30.Ke3 Qxh2 31.Bd5 Rb8 32.Bc6+ Ke7 33.a4 Be6 34.axb5 
Rd8 0-1

[Event "Lichtenrader Herbst 2015"]
[Site "Berlin GER"]
[Date "2015.10.27"]
[Round "4.7"]
[White "Terhorst, J"]
[Black "Romanishin, O"]
[Result "0-1"]
[WhiteElo "2166"]
[BlackElo "2474"]
[EventDate "2015.10.24"]
[BlackTitle "GM"]
[WhiteFideId "4608097"]
[BlackFideId "14100088"]

1.e4 e5 2.Nf3 Nc6 3.Bc4 Nf6 4.Ng5 d5 5.exd5 Na5 6.Bb5+ Bd7 7.Qe2 Be7 8.Nc3
O-O 9.O-O Bxb5 10.Qxb5 c6 11.Qd3 cxd5 12.Nxd5 Qxd5 0-1

[Event "Lichtenrader Herbst 2015"]
[Site "Berlin GER"]
[Date "2015.10.27"]
[Round "4.9"]
[White "Kather, Yannick"]
[Black "Bruedigam, M"]
[Result "0-1"]
[WhiteElo "2052"]
[BlackElo "2375"]
[EventDate "2015.10.24"]
[BlackTitle "FM"]
[WhiteFideId "12912085"]
[BlackFideId "24608033"]

1.e4 e5 2.Nf3 Nc6 3.Bc4 Bc5 4.d3 Nf6 5.c3 d6 6.O-O O-O 7.Nbd2 a5 8.h3 Be6 
9.a4 h6 10.Qb3 Qd7 11.Bxe6 fxe6 12.Nc4 Nh5 13.Be3 Ba7 14.Qd1 Nf4 15.d4 
exd4 16.Nxd4 e5 17.Nf5 Qe6 18.b3 Kh7 19.Bxf4 exf4 20.Qg4 g6 21.Nxh6 Qf6 
22.Qd7+ Kxh6 23.Qxc7 Rf7 24.Qxd6 Qxd6 25.Nxd6 Rd7 26.Nb5 Bc5 27.Ra2 Rad8 
28.Re2 Rd2 29.Rfe1 Ne5 30.Kf1 R8d7 31.Nd4 Rxe2 32.Nxe2 f3 33.gxf3 Nxf3 34.
Rc1 Nd2+ 35.Kg2 Nxe4 36.b4 Bb6 37.f3 Nf6 38.Rc2 Nd5 39.Rb2 Ne3+ 40.Kg3 Nc4
41.Rb1 Rd2 42.Nd4 Bc7+ 43.f4 Rd3+ 44.Kg2 Bxf4 45.Ne2 Bc7 46.bxa5 Nxa5 47.
Rb4 Re3 48.Rh4+ Kg5 49.Rg4+ Kh6 50.Rh4+ Kg7 51.Kf2 Rd3 52.Re4 Nc6 53.h4 
Kf7 54.Rc4 Be5 55.Rc5 Ke6 56.a5 Rd5 57.Rc4 Rxa5 58.Ke3 Ra1 59.Rg4 Ne7 60.
Kd3 Rb1 61.Kc2 Rb6 62.Kd3 Kf5 63.Rg5+ Kf6 64.Rg4 Nf5 65.Ra4 Rd6+ 66.Ke4 
Rd2 67.Kf3 Rd3+ 68.Kg2 Bxc3 69.h5 gxh5 70.Nf4 Rd2+ 71.Kh3 b5 72.Ra6+ Ke5 
73.Re6+ Kxf4 74.Re4+ Kg5 75.Re2 Rd3+ 0-1

[Event "Ptuj Open 2015"]
[Site "Ptuj SLO"]
[Date "2015.10.28"]
[Round "6.9"]
[White "Suta, Andraz"]
[Black "Florjancic, R"]
[Result "1-0"]
[WhiteElo "2165"]
[BlackElo "1839"]
[EventDate "2015.10.24"]
[WhiteFideId "14613190"]
[BlackFideId "14601346"]

1.e4 e5 2.Nf3 Nc6 3.Bc4 Nf6 4.d3 Be7 5.O-O O-O 6.Re1 d6 7.a4 Bg4 8.c3 d5 
9.exd5 Nxd5 10.h3 Bh5 11.a5 a6 12.Nbd2 Kh8 13.Qb3 Nf4 14.Nxe5 Ne2+ 15.Rxe2
Bxe2 16.Nxf7+ Rxf7 17.Bxf7 Bxd3 18.Nf3 Be4 19.Bf4 Bxf3 20.gxf3 Bd6 21.Rd1 
Nxa5 22.Qe6 Nc6 23.Bxd6 cxd6 24.Qxd6 Qg5+ 25.Qg3 Qf6 26.Bd5 Rd8 27.Re1 Rf8
28.Kg2 Qd8 29.c4 Re8 30.Re4 g6 31.Qf4 Rf8 32.Qe3 Kg7 33.Re6 Rf5 34.Bxc6 
bxc6 35.Rxc6 a5 36.Rc5 Rxc5 37.Qxc5 Qd2 38.Qe5+ Kh6 39.Qe3+ 1-0

[Event "Ptuj Open 2015"]
[Site "Ptuj SLO"]
[Date "2015.10.29"]
[Round "7.13"]
[White "Rozman, Monika"]
[Black "Suta, Tomaz"]
[Result "1-0"]
[WhiteElo "1991"]
[BlackElo "1688"]
[EventDate "2015.10.24"]
[WhiteFideId "14609118"]
[BlackFideId "14613204"]

1.e4 e5 2.Nf3 Nc6 3.Bc4 Bc5 4.d3 h6 5.O-O Nf6 6.c3 Bb6 7.Bb3 O-O 8.Re1 d6 
9.Nbd2 Be6 10.Nc4 Qe7 11.Ne3 Rfe8 12.Nh4 Bxe3 13.Bxe3 Bxb3 14.axb3 a6 15.
Qf3 Qd7 16.Nf5 Ne7 17.Nxh6+ gxh6 18.Qxf6 Qg4 19.Bxh6 Kh7 20.Re3 Ng8 21.
Qxf7+ 1-0

[Event "Ptuj Open 2015"]
[Site "Ptuj SLO"]
[Date "2015.10.29"]
[Round "7.19"]
[White "Dadello, An"]
[Black "Dadello, Barbara"]
[Result "1/2-1/2"]
[WhiteElo "1796"]
[BlackElo "1245"]
[EventDate "2015.10.24"]
[WhiteFideId "1177370"]
[BlackFideId "1199773"]

1.e4 e5 2.Nf3 Nc6 3.Bc4 Bc5 4.d3 Nf6 5.O-O O-O 6.Nc3 d6 7.Re1 Bd7 8.Na4 
Bb6 9.Nc3 Bc5 10.Na4 Bb6 11.Nc3 1/2-1/2

[Event "Ptuj Open 2015"]
[Site "Ptuj SLO"]
[Date "2015.10.30"]
[Round "8.7"]
[White "Skuhala, Luka"]
[Black "Mikalsen, E"]
[Result "0-1"]
[WhiteElo "2028"]
[BlackElo "2358"]
[EventDate "2015.10.24"]
[BlackTitle "FM"]
[WhiteFideId "14605678"]
[BlackFideId "1507338"]

1.e4 e5 2.Nf3 Nc6 3.Bc4 Nf6 4.d3 Bc5 5.O-O d6 6.c3 O-O 7.Re1 Be6 8.Bb5 Ne7
9.d4 Bb6 10.Nbd2 c6 11.Bd3 Ng6 12.Nf1 Nh5 13.Nxe5 Nxe5 14.dxe5 dxe5 15.Be3
Nf4 16.Bxf4 exf4 17.Qf3 Qg5 18.h3 Rad8 19.Bc2 h5 20.e5 Rd5 21.Re4 Bf5 22.
e6 Bxe4 23.exf7+ Kxf7 24.Qxe4 Re8 25.Qf3 Rde5 26.Bb3+ Kg6 27.Bc2+ Kh6 28.
Rd1 Rd5 29.Rxd5 cxd5 30.c4 dxc4 31.Qxb7 Re2 32.Qc6+ Qf6 33.Qxc4 Rxf2 34.
Kh1 f3 35.g3 g6 36.h4 Qxb2 37.Bd3 Rh2+ 0-1

[Event "Ptuj Open 2015"]
[Site "Ptuj SLO"]
[Date "2015.10.31"]
[Round "9.20"]
[White "Gabrijan, Timotej"]
[Black "Suta, Tomaz"]
[Result "1/2-1/2"]
[WhiteElo "1351"]
[BlackElo "1688"]
[EventDate "2015.10.24"]
[WhiteFideId "14624559"]
[BlackFideId "14613204"]

1.e4 e5 2.Nf3 Nc6 3.Bc4 Bc5 4.d4 Bxd4 5.Nxd4 Nxd4 6.f4 Nc6 7.O-O Nf6 8.
Bxf7+ Kxf7 9.fxe5 Qe7 10.exf6 Qc5+ 11.Kh1 gxf6 12.Nc3 Ne7 13.Nd5 Nxd5 14.
Qxd5+ Qxd5 15.exd5 d6 16.Bg5 Kg6 17.Bxf6 Rf8 18.Bd4 Rxf1+ 19.Rxf1 Bf5 20.
c3 a6 21.h3 h5 22.Re1 Kf7 23.Rf1 Kg6 24.Kg1 Re8 25.Kf2 Bd3 26.Re1 Rxe1 27.
Kxe1 Be4 28.g3 Bxd5 29.a4 Bg2 30.h4 Kf5 31.b4 Bc6 32.a5 Ke4 33.Kf2 Bd7 34.
Bf6 Bg4 1/2-1/2

[Event "TCh-NOR Elite 2015-16"]
[Site "Norway NOR"]
[Date "2015.10.30"]
[Round "1.1"]
[White "Devereaux, M"]
[Black "Royset, P"]
[Result "1-0"]
[WhiteElo "2372"]
[BlackElo "2234"]
[EventDate "2015.10.30"]
[WhiteTitle "IM"]
[WhiteTeam "Black Knights"]
[BlackTeam "Tromso"]
[WhiteFideId "408280"]
[BlackFideId "1501330"]

1.e4 e5 2.Nf3 Nc6 3.Bc4 Nf6 4.d4 exd4 5.e5 d5 6.Bb5 Ne4 7.Nxd4 Bd7 8.Bxc6 
bxc6 9.O-O Bc5 10.Be3 Qe7 11.f3 Nd6 12.Bf2 Nf5 13.Nc3 O-O 14.f4 f6 15.e6 
Bxd4 16.Bxd4 Bxe6 17.Na4 Rfe8 18.Qd2 Nd6 19.Rae1 Ne4 20.Qa5 Qd6 21.f5 Bf7 
22.Nc5 a6 23.a4 h5 24.Re3 Nxc5 25.Bxc5 Qd7 26.Rxe8+ Bxe8 27.Re1 Qxf5 28.
Qxc7 Qxc2 29.b4 Qf5 30.h3 Qc8 31.Qg3 Kh7 32.Re7 Bg6 33.Bd4 Qf5 34.Qc7 Re8 
35.Rxg7+ Kh6 36.Re7 h4 37.Rxe8 Bxe8 38.Qe7 Bg6 39.Bxf6 Qe4 40.Be5 1-0

[Event "Barcelona GM 2015"]
[Site "Barcelona ESP"]
[Date "2015.11.07"]
[Round "4.2"]
[White "Asis Gargatagli, H"]
[Black "Balogh, C"]
[Result "1/2-1/2"]
[WhiteElo "2483"]
[BlackElo "2645"]
[EventDate "2015.11.04"]
[WhiteTitle "IM"]
[BlackTitle "GM"]
[WhiteFideId "2260735"]
[BlackFideId "718939"]

1.e4 e5 2.Nf3 Nc6 3.Bc4 Bc5 4.c3 Nf6 5.d3 a6 6.Bb3 d6 7.h3 h6 8.Nbd2 Be6 
9.O-O O-O 10.Re1 Re8 11.Bc2 d5 12.exd5 Qxd5 13.Nf1 Rad8 14.Ng3 Bf8 15.Be3 
Qd7 16.d4 exd4 17.Nxd4 Nxd4 18.Bxd4 Qc6 19.Ne4 Nxe4 20.Bxe4 Bd5 21.Bxd5 
Rxe1+ 22.Qxe1 Qxd5 23.b3 c5 24.Be3 c4 25.bxc4 Qxc4 26.a4 b5 27.axb5 axb5 
28.Ra5 Qb3 29.Ra1 Qc4 30.Ra5 b4 31.cxb4 Bxb4 32.Ra4 Bxe1 33.Rxc4 Bd2 34.
Bxd2 Rxd2 35.Rc8+ Kh7 36.Rc7 Kg8 37.Rc8+ Kh7 38.Rc7 Kg8 39.Rc8+ Kh7 40.Rc7
Kg8 1/2-1/2

[Event "Calgary Invitational 2015"]
[Site "Calgary CAN"]
[Date "2015.11.01"]
[Round "5.5"]
[White "Haessel, D"]
[Black "Wang, Jeff"]
[Result "1-0"]
[WhiteElo "2195"]
[BlackElo "1746"]
[EventDate "2015.10.29"]
[WhiteTitle "FM"]
[WhiteFideId "2012618"]
[BlackFideId "2620731"]

1.e4 e5 2.Nf3 Nc6 3.Bc4 Bc5 4.O-O Nf6 5.d4 exd4 6.e5 d5 7.exf6 dxc4 8.fxg7
Rg8 9.Re1+ Be6 10.Bg5 Qd7 11.Nbd2 Be7 12.Ne4 Rxg7 13.Nf6+ Bxf6 14.Bxf6 Rg6
15.Bh4 f6 16.Qe2 Kf7 17.Qe4 Bf5 18.Qf4 Rag8 19.g3 Bxc2 20.Ne5+ Nxe5 21.
Rxe5 Qg4 22.Qxg4 Rxg4 23.Rh5 d3 24.Rxh7+ R8g7 25.Rxg7+ Kxg7 26.Kf1 d2 27.
Ke2 Rd4 28.Rd1 Bxd1+ 29.Kxd1 b5 30.g4 b4 31.f3 c3 32.Bf2 c2+ 1-0